00728nam a22002057a 450000500170000001000150001702000230003203500130005503700130006808200130008124501010009426000570019527000670025230000280031949000390034765000480038665000420043470000250047670000210050120100813110123.0 aENG-100201 a817520107xc400.00 aEN-83733 bDBAD/PUB a379.1214 aFinancing higher education / cedited by Usha Rai Negi, Bijayalazmi Mishra [and] Rishi Dev Anand aNew DelhibAssociation of Indian Universities c2009 a16 Comrade Indrajit Gupta Marg 9Kotla Marg)bNew Delhie110002 axxxii,290p.c23cm (pbk) aSelections from University News-19 aEconomic development-effect of education on aEducation , Higher - Economic aspects aMishra, Bijayalaxmi  aAnand, Rishi Dev